01548nam a2200373 i 4500001001000000003000900010005001700019007000300036008004100039040003000080041000800110082003300118110003300151240002600184245003800210264003400248300002700282336002700309337003300336338002800369490002600397500004600423590002700469651006300496651005600559651006100615710008500676830003300761910003800794942001400832952014500846952016600991999001701157000042725DO-SdBNP20260115123910.0ta140206s1994 dr 000 0 spa d aDO-SdBNPbspacBNPHUerda aspa a342.729302bR426co, 19942221 aRepública Dominicana.944710aConstitución (1994)10aConstitución de la República. aSanto Domingo :bONAP,c1994. a51 páginas ;c21 cm. ardacontentbtexto2txt ardamediabsin mediacián2n ardacarrierbvolumen2nc1 aReforma del Estadov3 aEn la portada: Revisión de agosto 1994. aInventariado, 2018/ YL 4aRepública DominicanaxConstitución (1994{Rpara}935348 4aRepública DominicanazDerecho Constitucional9449 4aRepública DominicanaxReformas Constitucionales9357811 aRepública Dominicana.bOficina Nacional de Administración y Personal 926398 0aReforma del Estadov3919983 aValidado. Control de calidad EMS. 2ddccLBS1 00102ddc51708PDaBNPHUbBNPHUcHDd2014-02-06l0oBNPHU PD 342.729302 R426co, 1994p42725-10r2020-06-25w2020-06-25yLBS1ZNo se presta 00102ddc51708PDaBNPHUbBNPHUcCTd2026-01-15edonaciónl0oBNPHU PD 342.729302 R426co, 1994p2026-0065r2026-01-15te.2w2026-01-15yLBS1zMaritza Pérez c42214d42214